01117nam a2200277 i 4500008004100000020001800041040003500059041000800094082001800102245010900120250001100229264003800240300001800278490002400296500011200320505012100432650002800553650004700581650003100628650003900659650003400698700001900732336002700751337003300778338002800811200326s9999 XX 000 0 und d a9788484892663 aCO-BoRNBPbspaerdacCO-BoRNBP aspa04a809.8896 O77c 0aChambacú, la historia la escribes tú:b ensayos sobre cultura afrocolombiana /c Lucía Ortiz (ed.) a1a ed. 1aMadrid :b Iberoamericana,c 2007 a404 páginas0 aNexos y diferencias aIncluye bibliografía al final de cada artículo e índice onomástico y temático al final del texto. aEscritores afrocolombianos -- Oralitura del Pacífico colombiano -- La versión del Otro: el negro como personaje.17aAutores afrocolombianos17aLiteratura colombiana - historia y critica17aLiteratura oral - colombia17aNegros en la literatura - colombia17aTradicion oral afrocolombiana aOrtiz, Lucía atextobtxt2rdacontent asin mediaciónbn2rdamedia avolumenbnc2rdacarrier